00766nam a2200181 a 450000100100000000500170001000800410002704000250006810000340009324500830012726000480021030000210025850000250027959000760030404900090038095201780038999900170056700003583420200930074641.0111115s1963 es 000 0 spa d aDO-SdBNPbspacBNPHU1 aSimón Díaz, José96180410aManual de bibliografía de la literatura española /cJosé Simón Díaz. aBarcelona :bEditorial Gustavo Gili,c1963. a603 p. ;c23 cm. aTextos a dos columna aPerteneció a la biblioteca personal de Juan Isidro Jimenes Grullón. aBNPD 001050718MOaGRbGRcCTd2011-11-15iLF1l0o p35834-10r2020-06-25w2020-06-25y1zPerteneció a la biblioteca personal de Juan Isidro Jimenes Grullón.ZNo se presta c35325d35325